=LDR 00000nam 2200000 4500 =001 INLIS000000000022730 =005 20130612121447 =008 ***********************************Ind** =035 ##$$0010-061300000022730 =041 ##$$a Ind =082 ##$$a 297 =090 ##$$a 297, Ima t =100 ##$$a Imam,saeful =245 ##$$a 7 (tujuh) terapi islami : kiat memberdayakan potensi diri, Saiful imam =260 ##$$a 2004 $b Jakarta =300 ##$$a 234 hlm, ilus, 19 cm =650 ##$$a Terapi islami =850 ##$$a NBPNMAT